01183nam a2200169Ia 4500001001300000003001000013008004100023040002500064041000700089100001800096245008000114250001100194260003600205300001200241500074900253650001101002b7113-53192 IT-MiCISF161014s9999||||xx |||||||||||||| ||und|| aIT-MiCISFcIT-MiCISF ait aPani Giuseppe 0aLe tue labbra stillano nettarebLettura al "cinema" del Cantico dei Cantici a1a ed. a Cantalupa (To)bEffatàc2014 app. 112 a / coppia, bibbia, massmedia / Un'interpretazione diretta e non allegorica del Cantico dei Cantici, attraverso numerosi riferimenti cinematografici. Non un commento esegetico, quindi, ma una lettura d'amore, un invito a comprendere che l'incontro di un "io" con un "tu", quando diventa un "noi", spalanca le porte della vita divina. Per evitare che questo poema diventi una sorta di "Atlantide" della Sacra Scrittura e per farlo conoscere e amare. Il Cantico, perla custodita nella conchiglia della Bibbia, vede come protagonista una coppia che non smette mai di dichiarare il proprio amore: due attori, due amanti che manifestano il loro desiderio e anelano a vivere l'amore profondamente gioioso e tenero, dono straordinario del Dio Creatore. acoppia